Régions ayant le plus voté pour La France Insoumise (2022) - Statistiques

Statistiques générales
  • Ce quiz a été pris 60 fois
    56 depuis la dernière actualisation
  • Le résultat moyen est 12 sur 17
Statistiques - réponses
Score Région % Correct
56,16% Guadeloupe
95%
53,10% Martinique
93%
30,24% Île de France
88%
50,59% Guyane
83%
40,26% La Réunion
78%
20,65% Bretagne
73%
22,42% Occitanie
68%
17,63% Grand Est
63%
21,20% Auvergne-Rhône-Alpes
61%
18,98% Hauts-de-France
61%
19,92% Nouvelle-Aquitaine
61%
18,68% Centre-Val-de-Loire
59%
19,77% Provence-Alpes-Côte-d'Azur
59%
18,56% Bourgogne Franche-Comté
56%
13,37% Corse
56%
18,82% Normandie
56%
19,22% Pays de la Loire
44%
Aucun quiz correspondant
Distribution des résultats
% des personnes avec chaque résultat
Percentile par nombre de réponses
Votre historique - résultats
Vous n’avez pas pris ce quiz depuis la dernière actualisation